000 00598nam a2200229 i 4500
001 C2-0232264
003 PPAK
005 20180728085428.0
008 010104s1963 enk |||| ||||| | eng d
040 _aPPAK
_beng
_cPPAK
_erda
082 0 4 _a823
_223
090 0 0 _a823
_bMAU
_dKSI
100 1 _aMaugham, W. Somerset,
_eauthor
245 1 0 _aOf human bondage
264 1 _aMiddlesex :
_bPenguin Books ,
_c1963
300 _a607 pages ;
_c18 cm
336 _2rdacontent
_atext
337 _2rdamedia
_aunmediated
338 _2rdacarrier
_avolume
650 1 0 _aEnglish fiction
942 _ddc
_cB
999 _c151488
_d151488